[Event "CAN-ch"]
[Site "Toronto CAN"]
[Date "2025.04.21"]
[Round "8.18"]
[White "Darvekar, Yash"]
[Black "Zhang, Daniel"]
[Result "0-1"]
[WhiteElo "2024"]
[BlackElo "1909"]
[WhiteFideId "-1"]
[WhiteFideId "-1"]
[PlyCount "60"]
[GameId "2172482976060490"]
[EventDate "2025.04.17"]
[EventType "swiss"]
[EventRounds "9"]
[EventCountry "CAN"]

1. e4 c5 2. Nf3 d6 3. d4 cxd4 4. Nxd4 Nf6 5. Nc3 a6 6. Nb3 e6 7. g4 b5 8. g5 b4 9. Nd5 Nxe4 10. Be3 Nc5 11. Nxb4 Bb7 12. Rg1 Nbd7 13. f4 d5 14. Nd3 Ne4 15. Qe2 a5 16. a4 Ba6 17. Qg4 Nd6 18. Bd2 Bc4 19. Nd4 Qb6 20. Bc3 Ne4 21. Rd1 Nxc3 22. bxc3 g6 23. h4 Bg7 24. Nf2 Rc8 25. Bg2 Ba6 26. Qh3 Nc5 27. Ng4 Nxa4 28. Bxd5 Rxc3 29. Rg3 Bxd4 30. Rxd4 Qxd4 0-1

[Event "CAN-ch"]
[Site "Toronto CAN"]
[Date "2025.04.21"]
[Round "8.19"]
[White "Lu, Tony"]
[Black "Mok, Yuen Tak"]
[Result "1-0"]
[WhiteElo "1999"]
[BlackElo "1948"]
[WhiteFideId "-1"]
[WhiteFideId "-1"]
[PlyCount "81"]
[GameId "2172486505661522"]
[EventDate "2025.04.17"]
[EventType "swiss"]
[EventRounds "9"]
[EventCountry "CAN"]

1. e4 c6 2. d4 d5 3. e5 Bf5 4. c4 e6 5. Nc3 Bb4 6. cxd5 cxd5 7. Bd3 Ne7 8. Nge2 Nbc6 9. O-O O-O 10. Be3 Bxd3 11. Qxd3 Nf5 12. Ng3 Bxc3 13. bxc3 Nxg3 14. hxg3 Rc8 15. g4 f6 16. f4 f5 17. gxf5 Rxf5 18. Qe2 Na5 19. g4 Rf8 20. Rac1 Qd7 21. Rc2 Nc4 22. Bc1 Rc6 23. Qd3 g6 24. Rg2 Kh8 25. Rh2 Rg8 26. Kh1 Rcc8 27. f5 gxf5 28. gxf5 exf5 29. Rxf5 Rg6 30. Bg5 Kg8 31. Qf3 Qb5 32. Rf2 Qe8 33. Qxd5+ Kh8 34. Rf8+ Qxf8 35. Rxf8+ Rxf8 36. Bf6+ Rgxf6 37. exf6 Nb6 38. Qd6 Kg8 39. Qg3+ Kf7 40. Qg7+ Ke8 41. Qe7# 1-0

[Event "CAN-ch"]
[Site "Toronto CAN"]
[Date "2025.04.21"]
[Round "8.20"]
[White "Tan, Brendan"]
[Black "Teodoro, Eduardo"]
[Result "0-1"]
[WhiteElo "1960"]
[BlackElo "2350"]
[WhiteFideId "-1"]
[WhiteFideId "-1"]
[PlyCount "80"]
[GameId "2172532720624730"]
[EventDate "2025.04.17"]
[EventType "swiss"]
[EventRounds "9"]
[EventCountry "CAN"]

1. e4 c5 2. Nf3 e6 3. d4 cxd4 4. Nxd4 a6 5. c4 Qc7 6. Nc3 b6 7. Be3 Bb7 8. f3 Nf6 9. Qd2 d6 10. Be2 Nbd7 11. O-O Be7 12. Rac1 Rc8 13. a3 O-O 14. b4 Qb8 15. g4 Ne5 16. Na4 Nxc4 17. Bxc4 b5 18. Nb6 bxc4 19. g5 Nh5 20. Nxc8 Rxc8 21. Qe2 d5 22. f4 g6 23. e5 Ng7 24. Rc3 Bd8 25. Rd1 Bb6 26. Nc2 Bd8 27. Qf2 Bc6 28. Nd4 Ba4 29. Rd2 Bb6 30. Nf5 Nxf5 31. Bxb6 Rc6 32. Bc5 Bb3 33. Kg2 Qb5 34. Qg1 Qa4 35. Qc1 Rxc5 36. bxc5 d4 37. Rh3 c3 38. Rxc3 dxc3 39. Qxc3 Qxf4 40. Rd3 Bd5+ 0-1

[Event "CAN-ch"]
[Site "Toronto CAN"]
[Date "2025.04.21"]
[Round "8.21"]
[White "Joseph, Jonath"]
[Black "Siddeley, Hugh"]
[Result "1-0"]
[WhiteElo "2034"]
[BlackElo "1923"]
[WhiteFideId "-1"]
[WhiteFideId "-1"]
[PlyCount "77"]
[GameId "2172534999901282"]
[EventDate "2025.04.17"]
[EventType "swiss"]
[EventRounds "9"]
[EventCountry "CAN"]

1. Nf3 g6 2. d4 d6 3. e3 Bg7 4. Be2 Nd7 5. O-O e5 6. dxe5 Nxe5 7. c4 Ne7 8. Nc3 O-O 9. e4 h6 10. Nxe5 dxe5 11. Qc2 Nc6 12. Qd1 Nd4 13. Bd3 Ne6 14. Ne2 b6 15. Be3 Qe7 16. Nc3 Rd8 17. Qc2 Bb7 18. Nd5 Qf8 19. f4 exf4 20. Nxf4 Nxf4 21. Rxf4 Qd6 22. Rd1 Qe6 23. Rdf1 Qd6 24. Be2 Qe5 25. Rxf7 Bxe4 26. Qc1 g5 27. c5 Bg6 28. R7f2 Re8 29. Bd2 Qxc5 30. Bc4+ Kh7 31. b4 Qd4 32. Kh1 Rad8 33. Bb3 c5 34. Bc2 c4 35. Be1 Bxc2 36. Rxc2 b5 37. Bc3 Qe3 38. Rf7 Rg8 39. Qxe3 1-0

[Event "CAN-ch"]
[Site "Toronto CAN"]
[Date "2025.04.21"]
[Round "8.22"]
[White "Blair, Michael"]
[Black "Kola, Venkat Karthikeya R"]
[Result "1-0"]
[WhiteElo "1840"]
[BlackElo "1940"]
[WhiteFideId "-1"]
[WhiteFideId "-1"]
[PlyCount "49"]
[GameId "2172537399555178"]
[EventDate "2025.04.17"]
[EventType "swiss"]
[EventRounds "9"]
[EventCountry "CAN"]

1. e4 c5 2. Nf3 d6 3. d4 cxd4 4. Nxd4 Nf6 5. Nc3 a6 6. Bg5 e6 7. f4 Be7 8. Qf3 Qc7 9. O-O-O Nbd7 10. Bd3 b5 11. Rhe1 Bb7 12. Qg3 O-O-O 13. Bxb5 axb5 14. Ndxb5 Qc5 15. e5 Nb6 16. exf6 gxf6 17. Bh4 Rhg8 18. Qd3 Rxg2 19. Ne4 Bxe4 20. Qxe4 Rxh2 21. Na7+ Kd7 22. f5 e5 23. Bg3 Rh5 24. Bf2 Qxf2 25. Qc6# 1-0

[Event "CAN-ch"]
[Site "Toronto CAN"]
[Date "2025.04.21"]
[Round "8.23"]
[White "Mutyalapati, Modith Aaroh"]
[Black "Zhang, Brian"]
[Result "1/2-1/2"]
[WhiteElo "1985"]
[BlackElo "1951"]
[WhiteFideId "-1"]
[WhiteFideId "-1"]
[PlyCount "63"]
[GameId "2172669407224946"]
[EventDate "2025.04.17"]
[EventType "swiss"]
[EventRounds "9"]
[EventCountry "CAN"]

1. e4 c5 2. Nf3 a6 3. c3 e6 4. d4 d5 5. e5 Bd7 6. Bd3 cxd4 7. cxd4 Bb5 8. O-O Bxd3 9. Qxd3 Nc6 10. Nc3 Nge7 11. Bg5 h6 12. Bxe7 Bxe7 13. Nd2 Qb6 14. Ne2 O-O 15. a3 Rac8 16. b4 f6 17. Qh3 f5 18. Nb3 a5 19. Nc5 Bxc5 20. bxc5 Qa6 21. Qe3 b6 22. cxb6 Qxb6 23. Rfc1 Ne7 24. Rab1 Rxc1+ 25. Rxc1 Rc8 26. Rxc8+ Nxc8 27. h3 Ne7 28. Nf4 Kf7 29. g3 Nc6 30. Ne2 a4 31. g4 Qb1+ 32. Kg2 1/2-1/2

[Event "CAN-ch"]
[Site "Toronto CAN"]
[Date "2025.04.21"]
[Round "8.24"]
[White "Gao, Heye"]
[Black "Cheng, Adrien"]
[Result "1-0"]
[WhiteElo "2003"]
[BlackElo "1801"]
[WhiteFideId "-1"]
[WhiteFideId "-1"]
[PlyCount "79"]
[GameId "2172670992307830"]
[EventDate "2025.04.17"]
[EventType "swiss"]
[EventRounds "9"]
[EventCountry "CAN"]

1. e4 e5 2. Nf3 Nc6 3. Bc4 Nf6 4. d3 h6 5. Nc3 Bc5 6. h3 a6 7. a4 d6 8. Be3 Bb4 9. O-O Bxc3 10. bxc3 O-O 11. Bb3 d5 12. Nd2 Re8 13. Qf3 Be6 14. Rab1 b6 15. Rfe1 Rb8 16. Nf1 dxe4 17. dxe4 Bxb3 18. cxb3 Qd3 19. Ng3 Re6 20. Rbc1 Qd7 21. Rcd1 Qe8 22. Nf5 Ne7 23. Qg3 Ng6 24. Bc1 Qc6 25. Qd3 b5 26. axb5 Rxb5 27. b4 a5 28. Ba3 Kh7 29. c4 Rb8 30. bxa5 Qa4 31. Ra1 Rb3 32. Qc2 Rb4 33. Qd2 Rb8 34. Nxg7 Ra6 35. Nf5 Nf4 36. Kh2 Ng8 37. g3 Ng6 38. Nxh6 Qxc4 39. Nf5 Rba8 40. Qg5 1-0

[Event "CAN-ch"]
[Site "Toronto CAN"]
[Date "2025.04.21"]
[Round "8.25"]
[White "Li, Adam"]
[Black "Malakhovets, Sergey"]
[Result "1/2-1/2"]
[WhiteElo "1960"]
[BlackElo "1969"]
[WhiteFideId "-1"]
[WhiteFideId "-1"]
[PlyCount "87"]
[GameId "2172672781620862"]
[EventDate "2025.04.17"]
[EventType "swiss"]
[EventRounds "9"]
[EventCountry "CAN"]

1. e4 c6 2. d4 d5 3. exd5 cxd5 4. Bd3 Nc6 5. c3 e6 6. Bf4 Bd6 7. Bg3 Nge7 8. Nf3 Ng6 9. Nbd2 Nf4 10. Bxf4 Bxf4 11. g3 Bc7 12. Qe2 Qd6 13. Bc2 Bd7 14. Nb3 b6 15. a4 f6 16. Nfd2 Kf7 17. f4 g6 18. Nf3 Kg7 19. O-O Be8 20. Rae1 Bf7 21. Qg2 Ne7 22. Re2 Qd7 23. Rfe1 Rae8 24. Nc1 h6 25. Nd3 g5 26. h4 g4 27. Nd2 Nf5 28. Nf1 h5 29. Ne3 Bg6 30. Nb4 Nxe3 31. Rxe3 Bxc2 32. Qxc2 Re7 33. Kg2 Rhe8 34. Qb3 a5 35. Nd3 Qc6 36. Kh2 Bd6 37. Qc2 Bc7 38. Qd1 Bd6 39. R1e2 Kf7 40. Qc2 Kg7 41. Qd1 Kf7 42. Re1 Qc4 43. R3e2 Kg7 44. Qc2 1/2-1/2

[Event "CAN-ch"]
[Site "Toronto CAN"]
[Date "2025.04.22"]
[Round "9.2"]
[White "Rodrigue-Lemieux, Shawn"]
[Black "Mendes, Aaron Reeve"]
[Result "1/2-1/2"]
[WhiteElo "2505"]
[BlackElo "2334"]
[WhiteFideId "-1"]
[WhiteFideId "-1"]
[PlyCount "83"]
[GameId "2170886165222789"]
[EventDate "2025.04.17"]
[EventType "swiss"]
[EventRounds "9"]
[EventCountry "CAN"]

1. c4 c6 2. Nf3 d5 3. g3 Nf6 4. Bg2 dxc4 5. O-O Nbd7 6. Na3 Nb6 7. Qc2 Be6 8. Ne5 h5 9. Naxc4 Nxc4 10. Nxc4 h4 11. Ne5 hxg3 12. hxg3 Qc8 13. Re1 Bh3 14. Bf3 Nd7 15. Nxd7 Qxd7 16. d4 Bf5 17. Qc3 Bg4 18. Bg2 Bh3 19. Bh1 e6 20. e4 Bd6 21. Be3 Qe7 22. a3 e5 23. dxe5 Bxe5 24. Bd4 Bxd4 25. Qxd4 O-O 26. e5 Be6 27. Qe3 Rfd8 28. Rad1 a6 29. Qb6 Rd7 30. Rxd7 Qxd7 31. Bf3 Rd8 32. Rd1 Bd5 33. Bxd5 cxd5 34. Qd4 Qf5 35. Kg2 Rd7 36. Qc5 Qe4+ 37. Kg1 Kh7 38. Qd4 Qxd4 39. Rxd4 Kg6 40. g4 f5 41. exf6 Kxf6 42. f4 1/2-1/2

[Event "CAN-ch"]
[Site "Toronto CAN"]
[Date "2025.04.22"]
[Round "9.3"]
[White "Kalinin, Dzmitry"]
[Black "Kaufman, Raymond"]
[Result "0-1"]
[WhiteElo "2119"]
[BlackElo "2216"]
[WhiteFideId "-1"]
[WhiteFideId "-1"]
[PlyCount "92"]
[GameId "2170886165226886"]
[EventDate "2025.04.17"]
[EventType "swiss"]
[EventRounds "9"]
[EventCountry "CAN"]

1. d4 Nf6 2. c4 c5 3. dxc5 e6 4. Nc3 Bxc5 5. Nf3 O-O 6. e3 d5 7. a3 a6 8. b4 Bd6 9. cxd5 exd5 10. Be2 Nc6 11. Bb2 Re8 12. Qb3 Bg4 13. Rd1 Ne7 14. h3 Bd7 15. Nd4 Rc8 16. Bf3 Bc6 17. a4 Bd7 18. O-O Bb8 19. Rc1 Qc7 20. g3 Qe5 21. Kg2 Nf5 22. Nxf5 Qxf5 23. Rh1 Be6 24. Ne2 Rxc1 25. Nd4 Qg6 26. Rxc1 Ne4 27. Qc2 Bd7 28. Bxe4 dxe4 29. Qc5 h5 30. Qd5 Rd8 31. Rc8 Bxh3+ 32. Kxh3 Rxc8 33. Qd7 Qg4+ 34. Qxg4 hxg4+ 35. Kxg4 g6 36. Kg5 Be5 37. Nf5 Re8 38. Nh6+ Kg7 39. Bxe5+ Rxe5+ 40. Kf4 Re7 41. Ng4 f5 42. Nh2 Kf6 43. g4 Rh7 44. Kg3 Rc7 45. b5 Rc4 46. bxa6 bxa6 0-1

[Event "CAN-ch"]
[Site "Toronto CAN"]
[Date "2025.04.22"]
[Round "9.4"]
[White "Sambuev, Bator"]
[Black "Yang, Ryan"]
[Result "1/2-1/2"]
[WhiteElo "2429"]
[BlackElo "2350"]
[WhiteFideId "-1"]
[WhiteFideId "-1"]
[PlyCount "135"]
[GameId "2170886165226887"]
[EventDate "2025.04.17"]
[EventType "swiss"]
[EventRounds "9"]
[EventCountry "CAN"]

1. d4 d5 2. c4 e6 3. Nc3 a6 4. cxd5 exd5 5. Bf4 Nf6 6. Nf3 Bd6 7. g3 O-O 8. Qc2 Nc6 9. Bg2 h6 10. O-O Re8 11. Bxd6 Qxd6 12. e3 Bg4 13. Rfc1 Bxf3 14. Bxf3 Ne7 15. b4 c6 16. Na4 b5 17. Nc5 Nd7 18. Nxd7 Qxd7 19. a4 Qd6 20. Qc5 Qxc5 21. Rxc5 Reb8 22. Be2 f5 23. Rc2 bxa4 24. Rxa4 Rb6 25. h4 Rab8 26. Rb2 a5 27. Rxa5 Rxb4 28. Rxb4 Rxb4 29. Ra7 Kf7 30. h5 Rb2 31. Kf1 Kf6 32. Ra8 Kf7 33. Rd8 Ra2 34. Rd6 Ra7 35. Kg2 Ke8 36. g4 Rc7 37. gxf5 Nxf5 38. Re6+ Kf7 39. Re5 Nd6 40. Kf3 Ra7 41. Bd3 Kf6 42. Kf4 Ra8 43. Bg6 Rb8 44. f3 Ra8 45. Kg4 Rb8 46. Bd3 Nf7 47. Rf5+ Ke6 48. Ba6 Nd6 49. Re5+ Kf6 50. Kf4 Nf7 51. Rf5+ Ke6 52. e4 Ng5 53. Be2 Kd6 54. Ke3 Ke6 55. Bd3 Ra8 56. Rf4 Ke7 57. Rg4 Ra3 58. Rg3 Ne6 59. Rg4 Kf7 60. e5 c5 61. dxc5 Nxc5 62. Rd4 Ke6 63. f4 Nxd3 64. Rxd3 Ra4 65. Rd4 Ra3+ 66. Rd3 Ra4 67. Rd4 Ra3+ 68. Rd3 1/2-1/2

[Event "CAN-ch"]
[Site "Toronto CAN"]
[Date "2025.04.22"]
[Round "9.5"]
[White "Plotkin, Mark"]
[Black "Kot, Emanuel"]
[Result "1/2-1/2"]
[WhiteElo "2349"]
[BlackElo "2103"]
[WhiteFideId "-1"]
[WhiteFideId "-1"]
[PlyCount "104"]
[GameId "2170886165226888"]
[EventDate "2025.04.17"]
[EventType "swiss"]
[EventRounds "9"]
[EventCountry "CAN"]

1. d4 Nf6 2. Nf3 d5 3. c4 e6 4. Nc3 c5 5. cxd5 cxd4 6. Qxd4 exd5 7. e4 dxe4 8. Qxd8+ Kxd8 9. Ng5 Be6 10. Nxe6+ fxe6 11. Bg5 Ke7 12. O-O-O h6 13. Bxf6+ gxf6 14. Nxe4 Bg7 15. Nd6 Rd8 16. Nxb7 Rxd1+ 17. Kxd1 Nc6 18. Nc5 Rd8+ 19. Kc1 Rc8 20. Kb1 Nb4 21. Nd3 Nxd3 22. Bxd3 Rd8 23. Kc2 f5 24. Bc4 e5 25. f3 h5 26. g3 Bh6 27. Bd3 Kf6 28. b4 Be3 29. a4 Rc8+ 30. Kb3 Bd2 31. Bc4 Rb8 32. b5 Rd8 33. Rd1 Rd4 34. Be2 h4 35. gxh4 Be3 36. Rxd4 Bxd4 37. Kc4 Bb6 38. Kd5 e4 39. fxe4 fxe4 40. Kxe4 Bg1 41. a5 Bf2 42. Bc4 Kg7 43. Kf3 Bc5 44. Kg4 Kh8 45. Kf5 Bg1 46. h5 Bf2 47. Bd5 Bg1 48. Ke6 Bf2 49. Kd7 Be3 50. Kc6 Bf2 51. Be4 Be3 52. b6 Bxb6 1/2-1/2

[Event "CAN-ch"]
[Site "Toronto CAN"]
[Date "2025.04.22"]
[Round "9.6"]
[White "Duong, Thanh Nha"]
[Black "Song, Ethan"]
[Result "0-1"]
[WhiteElo "2182"]
[BlackElo "2291"]
[WhiteFideId "-1"]
[WhiteFideId "-1"]
[PlyCount "162"]
[GameId "2170886165230985"]
[EventDate "2025.04.17"]
[EventType "swiss"]
[EventRounds "9"]
[EventCountry "CAN"]

1. Nf3 d5 2. b3 Bg4 3. Bb2 Nf6 4. e3 Nbd7 5. d4 e6 6. Be2 Be7 7. O-O O-O 8. Nbd2 a5 9. a3 h6 10. Ne5 Bf5 11. Bd3 Bxd3 12. Nxd3 Rc8 13. c4 b6 14. Qe2 c5 15. Rfd1 a4 16. dxc5 bxc5 17. b4 dxc4 18. Nxc4 cxb4 19. Nxb4 Qc7 20. Rac1 Qb8 21. e4 Bxb4 22. axb4 Qb5 23. Kf1 Rb8 24. Ba3 Rfd8 25. Na5 Qxe2+ 26. Kxe2 Re8 27. Nc6 Rb5 28. f3 Kh7 29. Nd4 Rb7 30. Rc6 Ne5 31. Rc5 Nfd7 32. Rc3 Nb6 33. Nb5 Ree7 34. Nd6 Rb8 35. f4 Ng4 36. h3 Nf6 37. b5 Rd7 38. Rc6 Ra7 39. Rdc1 Ra5 40. R1c3 Nbd7 41. Rc7 g5 42. Bb4 Raxb5 43. Nxb5 Rxb5 44. e5 Nd5 45. Rxd7 Rxb4 46. Ra3 Nxf4+ 47. Kf3 Kg6 48. Ra7 Rb2 49. g4 Rh2 50. R7xa4 Rxh3+ 51. Kf2 Rh2+ 52. Kf3 Rd2 53. Ra8 Kg7 54. Rb8 Ng6 55. Rb5 Rd4 56. Re3 Nh4+ 57. Kg3 h5 58. Ra3 Rxg4+ 59. Kh3 Rf4 60. Rg3 Nf3 61. Rb3 g4+ 62. Kg2 Kh6 63. Rb8 h4 64. Rxg4 Rxg4+ 65. Kxf3 Rg7 66. Kf4 Kh7 67. Rb2 Rg6 68. Rh2 Rh6 69. Rh3 Rh5 70. Kg4 Kg6 71. Kf4 Rf5+ 72. Ke4 Kh5 73. Rh1 Kg4 74. Rg1+ Kh3 75. Rg7 Kh2 76. Rg4 h3 77. Rg7 Kh1 78. Rg3 h2 79. Rg7 Rf2 80. Ke3 Rg2 81. Rxf7 Kg1 0-1

[Event "CAN-ch"]
[Site "Toronto CAN"]
[Date "2025.04.22"]
[Round "9.7"]
[White "Moses, Neil"]
[Black "Jaferian, Koosha"]
[Result "0-1"]
[WhiteElo "2148"]
[BlackElo "2293"]
[WhiteFideId "-1"]
[WhiteFideId "-1"]
[PlyCount "122"]
[GameId "2170886165230986"]
[EventDate "2025.04.17"]
[EventType "swiss"]
[EventRounds "9"]
[EventCountry "CAN"]

1. e4 c6 2. d4 d5 3. e5 c5 4. dxc5 e6 5. Nf3 Bxc5 6. Be2 Nc6 7. a3 a6 8. b4 Ba7 9. O-O Nge7 10. Bb2 Ng6 11. Bd3 Nf4 12. g3 Nxd3 13. Qxd3 Bd7 14. Nbd2 Ne7 15. a4 O-O 16. Bd4 Bxd4 17. Nxd4 Qc7 18. Rfe1 Rac8 19. Ra3 Nc6 20. Nxc6 Qxc6 21. c3 a5 22. Qd4 b6 23. Rb1 Qc7 24. f4 Ra8 25. b5 Rac8 26. Rc1 Qc5 27. Qxc5 Rxc5 28. c4 f6 29. exf6 gxf6 30. Rd3 Rfc8 31. Rd1 Be8 32. cxd5 exd5 33. Re1 Bg6 34. Rd4 Rc1 35. Kf2 Rxe1 36. Kxe1 Rc5 37. Nb3 Rc3 38. Nd2 Rc5 39. Nb3 Rc3 40. Nd2 Bf7 41. Ke2 Ra3 42. Nf1 Kf8 43. Ne3 Ke7 44. Nxd5+ Bxd5 45. Rxd5 Rxa4 46. Rh5 Rb4 47. Rxh7+ Ke6 48. Ra7 Rxb5 49. g4 Rb2+ 50. Kf3 Rxh2 51. f5+ Kd5 52. Rd7+ Kc5 53. Rf7 Rh6 54. Rg7 a4 55. Rg6 Rh3+ 56. Kg2 a3 57. Kxh3 a2 58. Rxf6 a1=Q 59. Re6 b5 60. f6 Kd5 61. f7 Qh8+ 0-1

[Event "CAN-ch"]
[Site "Toronto CAN"]
[Date "2025.04.22"]
[Round "9.8"]
[White "Dhaliwal, Jaipreet Singh"]
[Black "Cummings, David"]
[Result "1/2-1/2"]
[WhiteElo "2109"]
[BlackElo "2257"]
[WhiteFideId "-1"]
[WhiteFideId "-1"]
[PlyCount "57"]
[GameId "2174259233676953"]
[EventDate "2025.04.17"]
[EventType "swiss"]
[EventRounds "9"]
[EventCountry "CAN"]

1. e4 e5 2. Nf3 Nf6 3. Nxe5 d6 4. Nf3 Nxe4 5. Nc3 Nxc3 6. dxc3 Be7 7. Be3 Nd7 8. Qd2 O-O 9. O-O-O Nf6 10. Bd3 Re8 11. Rhe1 Bg4 12. Bg5 Bxf3 13. gxf3 Nd7 14. h4 Nc5 15. Bf5 Bxg5 16. hxg5 Rxe1 17. Rxe1 a5 18. f4 Qf8 19. Qe3 g6 20. Bh3 d5 21. Qe7 c6 22. f3 Qxe7 23. Rxe7 Kf8 24. Rc7 Rb8 25. Kd2 Na6 26. Rd7 Nc5 27. Rc7 Na6 28. Rd7 Nc5 29. Rc7 1/2-1/2

[Event "CAN-ch"]
[Site "Toronto CAN"]
[Date "2025.04.22"]
[Round "9.9"]
[White "Marchand, Calix"]
[Black "Ng, Gary"]
[Result "0-1"]
[WhiteElo "2104"]
[BlackElo "2210"]
[WhiteFideId "-1"]
[WhiteFideId "-1"]
[PlyCount "52"]
[GameId "2174260448976545"]
[EventDate "2025.04.17"]
[EventType "swiss"]
[EventRounds "9"]
[EventCountry "CAN"]

1. e4 c6 2. d4 d5 3. Nc3 dxe4 4. Nxe4 Bf5 5. Qf3 Bg6 6. c3 Nd7 7. Ne2 e5 8. h4 h6 9. h5 Bh7 10. N2g3 Ngf6 11. Bc4 exd4 12. Bf4 Nxe4 13. O-O-O f5 14. Rhe1 Qf6 15. Bc7 Bc5 16. Kc2 Bb6 17. Qf4 Bxc7 18. Qxc7 Ne5 19. Qxb7 Rd8 20. Bb3 Qe7 21. Qa6 Nc5 22. Qa5 f4+ 23. Kc1 Ned3+ 24. Rxd3 Nxd3+ 25. Kc2 Nxe1+ 26. Kc1 Nd3+ 0-1

[Event "CAN-ch"]
[Site "Toronto CAN"]
[Date "2025.04.22"]
[Round "9.10"]
[White "Gavrilin, Roman"]
[Black "Joseph Benher, Savio"]
[Result "1/2-1/2"]
[WhiteElo "2170"]
[BlackElo "2108"]
[WhiteFideId "-1"]
[WhiteFideId "-1"]
[PlyCount "64"]
[GameId "2174267759808169"]
[EventDate "2025.04.17"]
[EventType "swiss"]
[EventRounds "9"]
[EventCountry "CAN"]

1. e4 e6 2. d4 d5 3. Nc3 Nf6 4. Bg5 dxe4 5. Nxe4 Nbd7 6. Nf3 h6 7. Nxf6+ Nxf6 8. Be3 Bd6 9. Bd3 O-O 10. Qe2 b6 11. Ne5 Bb7 12. O-O-O Nd5 13. Bd2 Qh4 14. Nf3 Qf6 15. Qe4 Qg6 16. Qh4 Qf6 17. Qe4 Qg6 18. Qh4 f5 19. Ne5 Qf6 20. Qxf6 Nxf6 21. f3 Bxe5 22. dxe5 Nd5 23. c4 Ne7 24. Bc3 Ng6 25. Rhe1 Nh4 26. Bf1 Rad8 27. Rxd8 Rxd8 28. Rd1 Rxd1+ 29. Kxd1 f4 30. Ke1 g5 31. Kf2 Nf5 32. g3 fxg3+ 1/2-1/2

[Event "CAN-ch"]
[Site "Toronto CAN"]
[Date "2025.04.22"]
[Round "9.12"]
[White "Zhang, Daniel"]
[Black "Barron, Michael"]
[Result "1/2-1/2"]
[WhiteElo "1909"]
[BlackElo "2062"]
[WhiteFideId "-1"]
[WhiteFideId "-1"]
[PlyCount "117"]
[GameId "2174272424063548"]
[EventDate "2025.04.17"]
[EventType "swiss"]
[EventRounds "9"]
[EventCountry "CAN"]

1. e4 e5 2. Nf3 Nc6 3. d4 exd4 4. Nxd4 Bc5 5. Nb3 Bb6 6. Nc3 Nf6 7. Qe2 O-O 8. Be3 Re8 9. f3 Bxe3 10. Qxe3 d6 11. O-O-O Be6 12. g4 Nd7 13. g5 a5 14. Nd4 Nxd4 15. Rxd4 Qb8 16. f4 Nb6 17. Qf2 Bd7 18. Rd3 a4 19. a3 Bc6 20. Rh3 Nd7 21. Qh4 Nf8 22. f5 b5 23. Nd5 Bxd5 24. exd5 Re5 25. Bd3 g6 26. f6 h5 27. gxh6 Kh7 28. Qb4 Qc8 29. Rf3 Rb8 30. h4 Qb7 31. h5 Qxd5 32. hxg6+ fxg6 33. Rhf1 c5 34. Qa5 Qb7 35. c3 b4 36. Qa6 Qxa6 37. Bxa6 d5 38. cxb4 cxb4 39. Rf4 Re6 40. Bd3 bxa3 41. bxa3 Rb3 42. Bc2 Rxa3 43. Rxa4 Rxa4 44. Bxa4 Kxh6 45. Kd2 Kg5 46. Bb3 Rb6 47. Kc2 d4 48. f7 Rc6+ 49. Kd2 Rc3 50. Bc2 Rg3 51. Be4 Kh6 52. Bd5 g5 53. Rb1 Kg7 54. Rb4 Rg4 55. Kd3 Ng6 56. Rxd4 Ne5+ 57. Ke3 Rxd4 58. Kxd4 Nxf7 59. Be6 1/2-1/2

[Event "CAN-ch"]
[Site "Toronto CAN"]
[Date "2025.04.22"]
[Round "9.13"]
[White "Teodoro, Eduardo"]
[Black "Xu, Leon"]
[Result "0-1"]
[WhiteElo "2350"]
[BlackElo "1969"]
[WhiteFideId "-1"]
[WhiteFideId "-1"]
[PlyCount "74"]
[GameId "2174275083633220"]
[EventDate "2025.04.17"]
[EventType "swiss"]
[EventRounds "9"]
[EventCountry "CAN"]

1. e4 e6 2. d4 d5 3. exd5 exd5 4. c4 Nf6 5. Nc3 Bb4 6. Bd3 O-O 7. Nge2 dxc4 8. Bxc4 h6 9. O-O Nc6 10. h3 Bf5 11. Be3 Qd7 12. Ng3 Bg6 13. a3 Bd6 14. Qf3 Kh7 15. Rad1 Ne7 16. d5 Nf5 17. Nxf5 Qxf5 18. Qxf5 Bxf5 19. g4 Bd7 20. f4 Rfe8 21. Bd4 Kg8 22. Kg2 Ne4 23. f5 Nxc3 24. Bxc3 Re3 25. Rf3 Rae8 26. Bd4 R3e4 27. Ba2 Bb5 28. Bb1 Be2 29. Bxe4 Bxd1 30. Re3 Bf4 31. Re1 Bc2 32. Kf3 Bd2 33. Bxc2 Bxe1 34. Bxa7 Rd8 35. Be4 b6 36. b4 Bh4 37. a4 Ra8 0-1

[Event "CAN-ch"]
[Site "Toronto CAN"]
[Date "2025.04.06"]
[Round "9.14"]
[White "Bao, Tony"]
[Black "Lin, Leo"]
[Result "0-1"]
[WhiteElo "1979"]
[BlackElo "2119"]
[WhiteFideId "-1"]
[WhiteFideId "-1"]
[PlyCount "140"]
[GameId "2174481113945566"]
[EventDate "2025.04.17"]
[EventType "swiss"]
[EventRounds "9"]
[EventCountry "CAN"]

1. c4 Nf6 2. g3 g6 3. Bg2 Bg7 4. Nc3 O-O 5. d4 c5 6. e3 cxd4 7. exd4 Re8 8. Nge2 d6 9. h3 Nc6 10. O-O e5 11. Be3 a6 12. Rc1 e4 13. Bg5 h6 14. Bxf6 Qxf6 15. Nxe4 Qd8 16. N4c3 Bd7 17. Nd5 Rc8 18. b4 Bf5 19. a3 Be4 20. Bxe4 Rxe4 21. Ndc3 Re8 22. Qd3 Qd7 23. Kh2 Ne7 24. Rfd1 b6 25. Nf4 Nf5 26. Nce2 Qe7 27. Rc2 Qe4 28. c5 Bxd4 29. Nxd4 Nxd4 30. Qxd4 Qxc2 31. cxd6 Re4 32. Qd2 Qxd2 33. Rxd2 Rd8 34. Nd5 Re6 35. d7 Rxd7 36. Nf6+ Rxf6 37. Rxd7 Rxf2+ 38. Kg1 Rf3 39. Kg2 Rxa3 40. Rb7 b5 41. Ra7 Kg7 42. h4 Ra4 43. Kh3 Rxb4 44. Rxa6 Rb1 45. Rb6 h5 46. Kg2 Rb2+ 47. Kf3 b4 48. Ke3 b3 49. Kf3 Rb1 50. Kg2 Kf8 51. Rb7 b2 52. Kh2 Ke8 53. Kg2 Kd8 54. Kh2 Kc8 55. Rb3 Kd7 56. Rb4 Kd6 57. Rb5 Kc6 58. Rb8 Kd5 59. Rd8+ Ke4 60. Rb8 Kf3 61. Rb3+ Kf2 62. Rb7 f5 63. Rb3 Kf1 64. Rb4 Re1 65. Rxb2 Re2+ 66. Rxe2 Kxe2 67. Kg2 Ke3 68. Kh2 Kf3 69. Kh3 f4 70. gxf4 Kxf4 0-1

[Event "CAN-ch"]
[Site "Toronto CAN"]
[Date "2025.04.22"]
[Round "9.15"]
[White "Wu, Nathan"]
[Black "Blair, Michael"]
[Result "1-0"]
[WhiteElo "2083"]
[BlackElo "1840"]
[WhiteFideId "-1"]
[WhiteFideId "-1"]
[PlyCount "67"]
[GameId "2174484101187049"]
[EventDate "2025.04.17"]
[EventType "swiss"]
[EventRounds "9"]
[EventCountry "CAN"]

1. d4 Nf6 2. Nc3 d5 3. Bf4 a6 4. e3 c5 5. dxc5 Qa5 6. Nf3 Qxc5 7. Bd3 Bg4 8. h3 Bh5 9. g4 Bg6 10. Bxg6 hxg6 11. g5 Nfd7 12. Nxd5 e5 13. Nxe5 Nxe5 14. Bxe5 Nd7 15. Qd4 Qxd4 16. Bxd4 O-O-O 17. O-O-O Nc5 18. Nb6+ Kc7 19. Be5+ Bd6 20. Rxd6 Rxd6 21. Nc4 Ne4 22. Nxd6 Nxd6 23. Rd1 Rd8 24. c4 Kc6 25. Bxd6 Rxd6 26. Rxd6+ Kxd6 27. Kd2 Ke5 28. Kd3 Kf5 29. f4 f6 30. gxf6 gxf6 31. b4 Ke6 32. e4 b6 33. c5 bxc5 34. bxc5 1-0

[Event "CAN-ch"]
[Site "Toronto CAN"]
[Date "2025.04.22"]
[Round "9.16"]
[White "Zhang, Brian"]
[Black "Darvekar, Yash"]
[Result "1/2-1/2"]
[WhiteElo "1951"]
[BlackElo "2024"]
[WhiteFideId "-1"]
[WhiteFideId "-1"]
[PlyCount "103"]
[GameId "2174485496923633"]
[EventDate "2025.04.17"]
[EventType "swiss"]
[EventRounds "9"]
[EventCountry "CAN"]

1. e4 c5 2. Nf3 d6 3. d4 cxd4 4. Nxd4 Nf6 5. Nc3 a6 6. Be2 e5 7. Nb3 Be7 8. Be3 O-O 9. O-O Be6 10. Qd3 Nbd7 11. a4 Nb6 12. a5 Nc4 13. Bc1 Rc8 14. Rd1 Qd7 15. Nd2 Rfd8 16. Nxc4 Bxc4 17. Qe3 d5 18. Bxc4 Rxc4 19. exd5 Bc5 20. Qe2 Qg4 21. Qxg4 Nxg4 22. Rd2 Rf4 23. Nd1 Rd4 24. h3 Rxd2 25. Bxd2 Rxd5 26. Be1 Nf6 27. Nc3 Rd7 28. Rd1 Rxd1 29. Nxd1 Nd5 30. Kf1 f5 31. Bd2 Kf7 32. c3 Ke6 33. b4 Be7 34. g3 Kd7 35. Ke2 e4 36. Ne3 Nxe3 37. Bxe3 Bf6 38. Kd2 Kc6 39. c4 g5 40. Bc5 f4 41. Ke2 Be5 42. gxf4 gxf4 43. Bf8 Bd4 44. Bh6 Bc3 45. Bxf4 Bxb4 46. Ke3 Bxa5 47. Kxe4 Bc3 48. Kd3 Bf6 49. Bd2 b5 50. cxb5+ Kxb5 51. Ke4 a5 52. Bxa5 1/2-1/2